Process Integration in Biochemical Engineering

Salvato in:
Dettagli Bibliografici
Autore principale: Stockar U.
Altri autori: Wielen, L.A.M
Natura: Libro
Lingua:inglese
Pubblicazione: Berlin Springer-Verlag 2003
Soggetti:
Accesso online:Visualizza in OPAC
Tags: Aggiungi Tag
Nessun Tag, puoi essere il primo ad aggiungerne!!

MARC

LEADER 00000nam a2200000 a 4500
005 20260127134131.0
008 060407 2003 gw 000 0 eng d
020 |a 3540436308 
035 |a vtls008689303 
039 9 |a 200604071139  |b mschk03  |y 200604071137  |z mschk03 
040 |a STUSCHK1  |b slo  |c STUSCHK1  |e AACR2 
080 |a 577.3+620.9 
100 1 |a Stockar U. 
245 1 |a Process Integration in Biochemical Engineering 
260 |a Berlin  |b Springer-Verlag  |c 2003 
300 |a 191 p. 
650 0 |a biochemické inžinierstvo  |x bioenergetika 
700 1 |a Wielen, L.A.M. 
910 |a SCHK95 
919 |a 3-540-43630-8 
999 |c 4846  |d 4846